000 00522nam a22001817a 4500
005 20251108165816.0
008 250721s1997 xx 000 0 ara d
082 1 4 _aط/629.22/غرا
100 1 _aغراهام، أيان
245 1 0 _aالشاحنات /
264 1 _aبيروت :
_bدار المجاني،
_c[1997].
300 _a31 ص. : مص.
650 1 7 _aالشاحنات
653 _aناشئون كبار (15-18 سنة)
700 1 _aشقرا، جان خليل
_eTran.
942 _2ddc
_cBK
999 _c31849
_d31849